007040000a22001810004500090001300000245014900013044001300162041001400175690002900189690004100218690002900259651004100288653001600329100004200345942001300387773010500400999001700505 aSeriadas10aEstudios en labiatae de Colombia V: nuevo nombre para Scutellaria Leptosiphon Epling, planta redescubierta en la cordillera oriental de Colombia aColombia0 aEspañol aHábitat vegetal995074 aConservación de biodiversidad9345 aFlora de Colombia929781 4pColombialCordillera Oriental992749 gScutellaria1 aFernández Alonso, José Luis94621 cARTICULO1 tRevista de la Academia Colombiana de ciencias exactas, físicas y naturalesh112q320-324d2005g29 c16322d16322